000 00346nam a2200145Ia 4500
008 230917s9999||||xx |||||||||||||| ||und||
040 _e48015
_aMAIN
041 _aEnglish
082 _a843.4 V889P
100 _aVoltaire
245 4 _aThe portable: Voltaire
260 _aMiddlesex
_bPenguin Books
_c1978
300 _av, 569 p.
942 _cBK
999 _c196107
_d196107